مكتبة جامعة عجلون الوطنية

فهرس بحث المكتبة

Normal view MARC view
  • إعداد: الحسن، عمر

Entry Personal Name

Number of records used in: 1

001 - CONTROL NUMBER

  • control field: 53131

003 - CONTROL NUMBER IDENTIFIER

  • control field: JO-AjAnu

005 - DATE AND TIME OF LATEST TRANSACTION

  • control field: 20230606082729.0

008 - FIXED-LENGTH DATA ELEMENTS

  • fixed length control field: 230606|| aca||aabn | a|a d

040 ## - CATALOGING SOURCE

  • Original cataloging agency: JO-AjAnu
  • Transcribing agency: JO-AjAnu

100 ## - HEADING--PERSONAL NAME

  • Personal name: إعداد: الحسن، عمر

670 ## - SOURCE DATA FOUND

  • Source citation: Work cat.: (JO-AjAnu)27146: إعداد: الحسن، عمر, author, التدخلات الإيرانية في الشؤون الداخلية البحرينية: التصريحات الرسمية وشبه الرسمية منذ 14فبراير2011 حتى ديسمبر 2015